000 00463cam a22001934a 4500
005 20250605164320.0
008 250528s ||||||||||||||||||||||||d
035 _a22851
020 _a9781403997968
040 _aGR-AtMCL
_bgre
_dGR-AtMCL
_eAACR2
245 1 _aMANAGING PEOPLE IN ORGANIZATIONS
250 _a1
260 _bPalgrave Macmillan,
_c2007
300 _a328
700 1 _aAdams Jeremy
_98512
942 _cBK
999 _c7896
_d7896